00513nam a2200157Ia 4500008004100000041000800041082001600049100001600065245004500081250001400126260003400140300003100174365001100205999001700216952012200233240624s9999 xx 000 0 und d aeng a658.408 TRI aTRICKER BOB aCORPORATE GOVERNANCE PRINCIPLES POLICIES a(2nd ed.) c2012aNew DelhibOxford India axxv, : 546 : p. : cm. ; 24 cRSb30 c21658d21658 00104070aIMTNbIMTNcRack 30-Bd2013-09-06eAPg425.00o658.408 TRIp21658r2024-06-24 00:00:00t1w2024-06-24yBK